| 000 | 00854njm a2200289 c 4500 | ||
|---|---|---|---|
| 003 | BLK | ||
| 005 | 20250324164133.0 | ||
| 008 | 180410b bul||n||s|||||||| n|bulo| | ||
| 010 | _aCDD00004156000 | ||
| 040 | _aBLK | ||
| 041 |
_aBUL _cDRU |
||
| 100 | 1 |
_aMussorgski, Modest Р. _eпърви автор _919435 |
|
| 139 |
_aMussorgski, Modest _bM 97 |
||
| 245 | 1 | 0 |
_aBoris Godunov _bCD 1 - 3 _cModest Mussorgski. _nCD 3 _pДействие четвърто |
| 257 | _aBGR | ||
| 260 | _cБ. г. | ||
| 380 | _a7 | ||
| 590 | _aS.N: 111397 от КНИГИ | ||
| 760 | 1 |
_aMussorgski, Modest _dБ. г. _tCD 3 Действие четвърто |
|
| 852 |
_aЦб CD 617 _p0 |
||
| 856 | 4 |
_qpdf _u |
|
| 856 | 4 |
_qpdf _u |
|
| 942 |
_cCDD _n0 |
||
| 944 |
_aCR _c27.02.2004 _k30540 _lСевдалина Тодорова |
||
| 944 |
_aED _c08.03.2004 |
||
| 999 |
_c222153 _d222153 |
||
| 999 | _d222153 | ||